00229nam a2200097Ia 4500008004100000041000800041100001300049245003500062260001600097365001800113240703s9999 xx 000 0 und d aeng aTaillard aCorporate Finance For Dummies  bWiley India cRS.b 899.00